01526nam a2200361 c 450000100060000000300100000600500170001600700030003300800570003602000180009304000350011104100130014608200200015910000320017924500970021125000910030826400540039930000520045333600270050533700330053233800280056549000150059350001050060850001280071350400410084150500590088252100410094154500550098265000320103765000290106965000400109870000260113858931CO-BoRNBP20250829202112.0ta210812r20152022ck a er dspa d spa a9789588931173 aCO-BoRNBPbspaerdacCO-BoRNBP1 aspaheng04a330.9bC31e2221 aChang, Ha-Joon,d1963-eaut10aEconomía para el 99% de la población /cHa-Joon Chang ; traducción de Teresa Arijón. aPrimera ediciónbCuarta reimpresión, Quinta reimpresión, Séptima reimpresión 1aBogotá, Colombia :bPenguin Random House,c2023 a457 páginas :bilustraciones a blanco y negro atextobtxt2rdacontent asin mediaciónbn2rdamedia avolumenbnc2rdacarrier0 aEconomía aEl material correspondiente a la dotación PNLB 2022, corresponde a la quinta reimpresión de 2022 aIncluye índice alfabético y notas / El material correspondiente a la dotación PNLB 2023, Séptima reimpresión 2023 aIncluye referencias bibliográficas2 aFamiliarizarse con la economía -- Usar la economía aRecomendado para un público adulto aIncluye datos biográficos del autor en la solapa07aCapitalismoxHistoria2LEMB07aDesigualdad social2lemb07aEconomíaxAspectos sociales2lemb aArijón, Teresaetrl